000 00755nam a2200205 a 4500
001 000004276
005 20210819112332.0
008 090721s2004 dr 001 0 spa d
040 _aDO-SdBNP
_bspa
_cBNPHU
082 _a220.7
_bS232t
100 _aSantana Marcano, Miguel Ángel,
_d1967-
_948937
245 1 0 _aTeología de las realidades últimas :
_bverdades escatológicas /
_cMiguel Ángel Santana Marcano.
260 _aSanto Domingo :
_bAmigo del Hogar,
_c2004.
300 _a51 p. ;
_c20 cm.
504 _aBibliografía : p. 48-50.
590 _aInventariado, 2018/BT
650 4 _aEscatología
_xEnsayos, conferencias, etc.
_912635
650 4 _aTeología dogmática
_xEnsayos, conferencias, etc.
_91025
910 _aValidado. Control de calidad. EMS
999 _c4088
_d4088